00909nam a2200241Ia 450000100090000000300060000900500170001500800410003202000150007303500170008803500170010504000130012205000110013508200110014610000230015724501420018026000540032230000460037650001280042260000220055061000290057274000660060130929315OCoLC20210215155045.0940811s1994 miuaf 000 0beng d a0891094512 a500838 (c.1) a500840 (c.2) aJEVcJEV bSK628D bSK628D1 aSkinner, Betty Lee10aDaws :ba man who trusted God : the inspiring life and compelling faith of Dawson Trotman, founder of the Navigators /cBetty Lee Skinner aColorado Springs, Colo. :bNAVPRESS,c1994, c1974 a389 p., [2] p. of plates :bill. ;c22 cm aOriginally published: Daws : the story of Dawson Trotman, founder of the Navigators. Grand Rapids, Mich. : Zondervan, 197410aTrotman, Dawson E20aNavigators, ThexHistory01aDaws : the story of Dawson Trotman, founder of the Navigators